• 首页
  • 本馆介绍
  • 公告通知
  • 最新文献
  • 馆藏检索
  • 电子资源
  • 读者导购
  • 参考咨询
  • 我的图书馆
  • 登录
  • 详细信息显示
  • 放入我的书架
  • 预约/预借图书
  • 作者相关作品
  • 分类相关作品
  • 丛书相关作品
  • 出版社相关作品

书目信息

  • 表格格式
  • 工作单格式
  • 卡片格式
题名:
物联网RFID原理与技术
    
 
作者: 高建良 , 贺建飚 编著
分册:  
出版信息: 北京   电子工业出版社  2017.01
页数: 12,199页
开本: 24cm
丛书名:
单 册:
中图分类: F253.9 , TN911.23
科图分类:
主题词: 无线电信号--射频--信号识别--应用--物流--教材
电子资源:
ISBN: 978-7-121-30361-6
000 01261nam0 2200289 450
001 0120162079660
005 20170418141753.50
010    @a978-7-121-30361-6@dCNY39.00
100    @a20161227d2017 em y0chiy50 ea
101 0  @achi
102    @aCN@b110000
105    @aak z 000yy
106    @ar
200 1  @a物联网RFID原理与技术@9wu lian wang RFID yuan li yu ji shu@f高建良,贺建飚编著
205    @a2版
210    @a北京@c电子工业出版社@d2017.01
215    @a12,199页@c图@d24cm
300    @a国家级特色专业(物联网工程)规划教材
330    @a本书从一个全新的体系介绍物联网RFID的原理与技术,全书分为三个部分,共12章,涉及从射频识别的“射频”(包括传输线理论、谐振电路、天线基础),到射频识别的“识别”(包括RFID系统的读写器和电子标签,以及读写器与电子标签之间的通信技术:编码与调制技术、防碰撞技术和安全技术),最后以“应用”结尾(包括RFID技术广泛应用的前提——标准化,基于RFID的典型物联网架构——EPC系统,以及RFID技术在四个不同领域的应用实例)。
333    @a从事物联网相关专业的人士
606 0  @a无线电信号@x射频@x信号识别@x应用@x物流@j教材
690    @aF253.9@v5
690    @aTN911.23@v5
701  0 @a高建良@9gao jian liang@4编著
701  0 @a贺建飚@9he jian bian@4编著
801  0 @aCN@b人天书店@c20161227
905    @b984351-54@dF253.9@e252=2@f4
    
    物联网RFID原理与技术/高建良,贺建飚编著.-2版.-北京:电子工业出版社,2017.01
    12,199页:图;24cm
    国家级特色专业(物联网工程)规划教材.-使用对象:从事物联网相关专业的人士
    
    ISBN 978-7-121-30361-6:CNY39.00
    本书从一个全新的体系介绍物联网RFID的原理与技术,全书分为三个部分,共12章,涉及从射频识别的“射频”(包括传输线理论、谐振电路、天线基础),到射频识别的“识别”(包括RFID系统的读写器和电子标签,以及读写器与电子标签之间的通信技术:编码与调制技术、防碰撞技术和安全技术),最后以“应用”结尾(包括RFID技术广泛应用的前提——标准化,基于RFID的典型物联网架构——EPC系统,以及RFID技术在四个不同领域的应用实例)。
●
相关链接 在E读中查询图书 在五车中查询图书 在当当中查询图书 在豆瓣中查询图书


正题名:物联网RFID原理与技术     索取号:F253.9/252=2         预约/预借

序号 登录号 条形码 馆藏地/架位号 状态 备注
1 984351   209843516   第一样本阅览室/ [索取号:F253.9/252=2] 在馆    
2 984352   209843525   第一借阅区/ [索取号:F253.9/252=2] 在馆    
3 984353   209843534   第一借阅区/ [索取号:F253.9/252=2] 在馆    
4 984354   209843543   第一借阅区/ [索取号:F253.9/252=2] 在馆    
唐山师范学院图书馆 欢迎您!
大连网信软件有限公司© 版权所有